Development and effectiveness of interactive examination in differential equation (Record no. 15583)

MARC details
000 -LEADER
fixed length control field 00464nam a22001457a 4500
082 ## - DEWEY DECIMAL CLASSIFICATION NUMBER
Classification number 371.334
Item number An8d
100 1# - MAIN ENTRY--PERSONAL NAME
Personal name Antonio, Jocelyn C.
245 ## - TITLE STATEMENT
Title Development and effectiveness of interactive examination in differential equation
260 ## - PUBLICATION, DISTRIBUTION, ETC.
Place of publication, distribution, etc. Morong, Rizal
Name of publisher, distributor, etc. [publisher not identified]
Date of publication, distribution, etc. 2011
300 ## - PHYSICAL DESCRIPTION
Extent 88 leaves ;
Dimensions 28 cm.
650 ## - SUBJECT ADDED ENTRY--TOPICAL TERM
Topical term or geographic name entry element Computer-assisted instruction.
650 ## - SUBJECT ADDED ENTRY--TOPICAL TERM
Topical term or geographic name entry element Interactive examination.
650 ## - SUBJECT ADDED ENTRY--TOPICAL TERM
Topical term or geographic name entry element Differential equation.
942 ## - ADDED ENTRY ELEMENTS (KOHA)
Koha item type Theses and dissertations
Holdings
Withdrawn status Damaged status Not for loan Collection code Home library Current library Date acquired Total Checkouts Full call number Barcode Date last seen Price effective from Koha item type
      Reference Morong Graduate Library Morong Graduate Library 11/24/2014   371.334 An8d 2011 URSMOR-GL-04791 11/24/2014 02/27/2019 Theses and dissertations
      Reference Morong Graduate Library Morong Graduate Library 11/24/2014   371.334 An8d 2011 URSMOR-GL-04792 11/24/2014 02/27/2019 Theses and dissertations

University of Rizal System
Email us at univlibservices@urs.edu.ph

Visit our Website www.urs.edu.ph/library